| 000 | 00610nam a22002057a 4500 | ||
|---|---|---|---|
| 999 |
_c17373 _d17373 |
||
| 003 | AR-CdUCM | ||
| 008 | 190508b ||||| |||| 00| 0 spa d | ||
| 040 |
_aMUNICIPALIDAD PROVINCIAL DEL CUSCO _cBIBLIOTECA MUNICIPAL DEL CUSCO |
||
| 082 |
_a828.82 / _bD73 |
||
| 100 |
_aDickens, Carlos _926933 |
||
| 245 | _aUna historia de dos ciudades / | ||
| 260 |
_aBarcelona : _bRamón Sopena, _c1965. |
||
| 300 |
_a357 páginas ; _c19 cm. |
||
| 505 | _aContenido: Novela. | ||
| 650 |
_aLiteratura Inglesa _926086 |
||
| 650 |
_aNovela _95 |
||
| 650 |
_aSiglo XX _98 |
||
| 942 |
_2ddc _cLIBROS |
||
| 945 |
_aachl _d2019-05-08 |
||